Faktory implementácie princípov lean manažmentu v nemocniciach na Slovensku

Salvato in:
Dettagli Bibliografici
Autore principale: Jankelová, Naďa
Altri autori: Belovičová, Mária, Jankelová, Nadežda, 1966-
Natura: Capitolo di libro
Lingua:slovacco
Soggetti:
Tags: Aggiungi Tag
Nessun Tag, puoi essere il primo ad aggiungerne!!

MARC

LEADER 00000naa$a2200000$$$4500
001 0313997
005 20260114095801.5
041 0 |a slo 
044 |a CZ 
245 1 0 |a Faktory implementácie princípov lean manažmentu v nemocniciach na Slovensku  |c Naďa Jankelová, Mária Belovičová, Nadežda Jankelová 
610 2 0 |a manažment 
610 2 0 |a nemocnice 
610 2 0 |a zdravotníctvo 
610 2 0 |a vedenie 
100 1 |a Jankelová, Naďa 
700 1 |a Belovičová, Mária 
700 1 |a Jankelová, Nadežda, 1966-